Slovenská poisťovňa hospodárila vlani so stratou vyše 1,8 mld. Sk

Hospodárske výsledky Slovenskej poisťovne (SP), a.s. Bratislava za rok 1998. Po prvýkrát vo svojej histórii hospodárila vlani SP so stratou 1,84 mld. Sk. Príčiny daného stavu. Plánovanie zisku SP na rok 1999. Projekt ozdravenia SP.

Na minha lista:
Detalhes bibliográficos
Autor principal: Medžová, Andrea
Formato: Capítulo de Livro
Idioma:eslovaco
Assuntos:
Tags: Adicionar Tag
Sem tags, seja o primeiro a adicionar uma tag!

MARC

LEADER 00000naa a2200000 4500
001 r035704
005 20230921103746.5
041 0 |a slo 
044 |a SK 
245 1 0 |a Slovenská poisťovňa hospodárila vlani so stratou vyše 1,8 mld. Sk  |c Andrea Medžová 
520 |a Hospodárske výsledky Slovenskej poisťovne (SP), a.s. Bratislava za rok 1998. Po prvýkrát vo svojej histórii hospodárila vlani SP so stratou 1,84 mld. Sk. Príčiny daného stavu. Plánovanie zisku SP na rok 1999. Projekt ozdravenia SP. 
610 2 0 |a hospodárenie finančné 
610 2 0 |a výsledok hospodársky 
610 2 0 |a strata 
610 2 0 |a zisk 
610 2 0 |a Slovenská poisťovňa, a.s. Bratislava 
610 2 0 |a 1998 
100 1 |a Medžová, Andrea